NBA Quiz - Basketball Nicknames - Statistics

General Stats
  • This quiz has been taken 76 times
  • The average score is 35 of 57
Answer Stats
Nickname Answer % Correct
The King LeBron James
98%
Ice Trae Trae Young
97%
Melo Carmelo Anthony
93%
The Greek Freak Giannis Antetokounmpo
93%
The Beard James Harden
93%
Slim Reaper Kevin Durant
93%
Uncle Drew Kyrie Irving
93%
The Joker Nikola Jokic
93%
Chef "..." Stephen Curry
93%
The Brow Anthony Davis
92%
D-Book Devin Booker
92%
Jimmy Buckets Jimmy Butler
92%
KAT Karl-Anthony Towns
92%
The Claw Kawhi Leonard
90%
Bam Bam Bam Adebayo
89%
Spida Donovan Mitchell
85%
Brodie Russell Westbrook
85%
The Process Joel Embiid
84%
Zo Lonzo Ball
84%
D-lo D'Angelo Russell
82%
Cardiac Kemba Kemba Walker
82%
Ant-Man Anthony Edwards
80%
Boogie DeMarcus Cousins
80%
Sweet Lou Lou Williams
80%
The Point God Chris Paul
79%
Scary Terry Terry Rozier
79%
Off Night Davion Mitchell
77%
Superman Dwight Howard
77%
Playoff P Paul George
75%
Vooch Nikola Vucevic
67%
Spicy P Pascal Siakam
67%
Swipa De'Aaron Fox
66%
The Stifle Tower Rudy Gobert
62%
Simmo Ben Simmons
59%
Trezz Montrezl Harrell
54%
Fro Jarrett Allen
51%
Durag B.I. Brandon Ingram
49%
Maple Jordan Andrew Wiggins
46%
The Wonderboy Luka Doncic
46%
Big Kiwi Steven Adams
36%
Zanos Zion Williamson
36%
Young Bull Collin Sexton
34%
Steady Freddy Fred VanVleet
33%
The Problem Jayson Tatum
33%
The Bulldog Kyle Lowry
31%
Tsunami Papi Kelly Oubre Jr.
30%
Big Panda Bradley Beal
28%
The Dragon Goran Dragic
26%
Blue Arrow Jamal Murray
26%
Beef Stew Isaiah Stewart
25%
The Hobbit Eric Gordon
20%
Godfather Al Horford
16%
Crazy Eyes Bobby Portis
16%
Black Falcon Harrison Barnes
15%
La Pistola Ricky Rubio
13%
Moose Greg Monroe
10%
Flame Thrower Jordan Clarkson
8%
No matching quizzes found
Score Distribution
Percent of People with Each Score
Percentile by Number Answered
Your Score History
You have not taken this quiz